| 000 | 00349nam a2200145Ia 4500 | ||
|---|---|---|---|
| 005 | 20241122224601.0 | ||
| 008 | 241122s9999||||xx |||||||||||||| ||und|| | ||
| 041 | _aEnglish | ||
| 082 |
_a658.15 _bCOP |
||
| 100 | _aCopeland, Thomas E. | ||
| 245 | 0 | _aFinancial theory and corporate policy | |
| 260 |
_bPearson _c2005 |
||
| 300 | _a1022p. | ||
| 942 | _cBK | ||
| 999 |
_c7827 _d7827 |
||